On This Day: April 8th Quiz Stats

 Plays Quiz Updated Apr 8, 2017

Challenge
Share
Tweet
Embed
Score 0/7 Timer 03:00
0 Plays Today
Question Answer Wrong Answers
After a local newspaper relocates their headquarters, Longacre Square in Midtown Manhattan is renamed this.
1904
Times Square
86.1%
Rockefeller Center
12%
Cooper Square
0.6%
Jackson Square Park
1.2%
This retired tennis great announces he has HIV, acquired from blood transfusion during one of his two heart surgeries.
1992
Arthur Ashe
77.9%
Björn Borg
7.1%
Rod Laver
4.9%
John McEnroe
6.5%
This American actress, who is known for her roles in ‘The Princess Bride’ and ‘House of Cards’, is born.
1966
Robin Wright
77.1%
Carol Kane
5.1%
Molly Parker
6.7%
Kate Mara
9.1%
In an effort to turn this new republic into a more modern and secular nation-state, President Mustafa Kemal Atatürk abolishes sharia courts.
1924
Turkey
75.1%
Iran
14.2%
Kazakhstan
4.9%
Tunisia
4.2%
At Atlanta–Fulton County Stadium, Hank Aaron hits his ______ career home run to surpass Babe Ruth's 39-year-old record.
1974
715th
54.3%
680th
9.8%
714th
21.1%
762nd
11.6%
A Humanitarian Ceasefire Agreement is signed by the government of this country and two rebel groups in an effort to quell conflict in Darfur.
2004
Sudan
53.7%
Rwanda
19.9%
Libya
6.9%
Somalia
15.5%
This country, located on the Balkan Peninsula, joins the United Nations.
1993
Macedonia
41.6%
Slovakia
17.7%
Estonia
32.1%
Portugal
4.8%

Today's Daily Dose

You're not logged in!

Compare scores with friends on all Sporcle quizzes.
Join for Free
OR
Log In

You Might Also Like...

Show Comments

Extras

Top Quizzes Today


Score Distribution

Your Account Isn't Verified!

In order to create a playlist on Sporcle, you need to verify the email address you used during registration. Go to your Sporcle Settings to finish the process.

Report this User

Report this user for behavior that violates our Community Guidelines.

Details: